LEADER 00704nam a2200193 i 4500 001 000000177712 003 CaOOAMICUS 005 20090219000000.0 008 090219s1968 it u000 u mul u 013 $a155280 040 $aSeMil$bita 245 10$aLibri 4.-6.,11.-12. 300 $a359 p. 490 0 $aProsatori di Roma 773 0 $aTacitus, Publius Cornelius $tAnnali / Fondazione Civiltà Bresciana.$dBologna : Zanichelli, 1968.$gVol.2$w()20742 830 0$aProsatori di Roma.$0(OLS)http://semarc/title/5869 850 $aSeMil 852 $aSeMil$W1$xVenegono$y1$m1Z II 252$j128517$B128517$CSeMilBibl$Z2$F139414 $81 996 $6245$aLibri 4.-6.,11.-12$9(OLS)http://semarc/title/255242 LEADER 01060nam a2200253 i 4500 001 000000346581 003 CaOOAMICUS 005 20210611154322.0 008 210611s1977 it u000 u ita u 013 $a9394 040 $aSeMil$bita 100 1 $aMesters, Carlos,$d<1931- >.$0(OLS)http://semarc/name/4769 240 10$aDeus, onde estas? :$bcurso de Biblia.$0(OLS)http://semarc/title/54920 245 10$aDio, dove sei? :$bBibbia e liberazione umana /$cCarlos Mesters ; [traduzione dal brasiliano di Maria Pia Angeloni]. 250 $a6. Ed. 264 1$aBrescia :$bQueriniana,$c1977. 300 $a260 p. ;$c21 cm. 650 4$aBibbia - Libertà.$0(OLS)http://semarc/subject/5461 700 1 $aAngeloni, Maria Pia.$0(OLS)http://semarc/name/18647 850 $aSeMil 852 $aSeMil$W1$xVenegono$y1$m2V VII 79$j269662$B237664$CSeMilBibl$Z2$F237664 $81 996 $6245$aDio, dove sei? :$bBibbia e liberazione umana$9(OLS)http://semarc/title/54919 996 $6264$aBrescia :$bQueriniana$9(OLS)http://semarc/publisher/29615